000 00492nam a2200181Ia 4500
008 240925s9999 xx 000 0 und d
020 _a9789332555075
082 _a350.0005 DHA
100 _aNot - Available
245 0 _aPublic Administration: approaches and applications
250 _aNA
260 _aNew Delhi:
_bPearson Education
_c,2016.
300 _axvi,728p.
_b0
_fOriginal
500 _aIncludes Index
600 _aSocial Sciences
650 _aSocial Sciences
942 _cBK
999 _c15745
_d15745